[Event "Elit(Eksjo-Team Viking)"]
[Site "?"]
[Date "2013.11.23"]
[Round "2"]
[White "Sagit, Rauan"]
[Black "Ornstein, Axel"]
[Result "1-0"]
[WhiteElo "2415"]
[BlackElo "2329"]
[PlyCount "133"]

1. e4 e5 2. Nf3 Nc6 3. Bb5 a6 4. Ba4 Nf6 5. O-O Be7 6. d3 d6 7. c3 O-O 8. Nbd2
Nd7 9. Bc2 Nb6 10. a4 a5 11. Bb3 Kh8 12. h3 f5 13. exf5 Bxf5 14. Ne4 d5 15. Ng3
Bg6 16. Re1 Bf6 17. Be3 d4 18. cxd4 exd4 19. Bc1 Be7 20. Ne5 Nxe5 21. Rxe5 Nd7
22. Rd5 c6 23. Rxd4 Bc5 24. Rf4 Rxf4 25. Bxf4 Qb6 26. Nh1 Rf8 27. Bg3 Bd4 28.
Bc4 Ne5 29. Ra3 Nxc4 30. dxc4 Qxb2 31. Rb3 Qc2 32. Qxc2 Bxc2 33. Rxb7 Bxa4 34.
Bc7 Ra8 35. Bxa5 h6 36. Bd2 Bc2 37. Be3 Bxe3 38. fxe3 Ra4 39. Ng3 Bg6 40. Ne2
Rxc4 41. Nf4 Be4 42. Nh5 Rc1+ 43. Kh2 Rc2 44. Rxg7 Rc5 45. Re7 Rxh5 46. Rxe4
Kg7 47. Rc4 c5 48. e4 Re5 49. Kg3 Re8 50. Kf4 Rc8 51. Kf5 Rf8+ 52. Ke5 Rf2 53.
g4 Rh2 54. Rc3 Kg6 55. Ke6 h5 56. gxh5+ Kxh5 57. Rxc5+ Kg6 58. Rc3 Kg7 59. Rg3+
Kf8 60. e5 Ra2 61. Rg4 Ra6+ 62. Kf5 Rh6 63. h4 Kf7 64. Rf4 Rh8 65. h5 Ke7 66.
Rh4 Rf8+ 67. Ke4 1-0

[Event "Elit(Eksjo-Team Viking)"]
[Site "?"]
[Date "2013.11.23"]
[Round "2"]
[White "Malesevic, Nedeljko"]
[Black "Pettersson, Anders"]
[Result "1/2-1/2"]
[WhiteElo "2340"]
[BlackElo "2349"]
[PlyCount "128"]
[EventDate "2013.??.??"]

1. d4 Nf6 2. c4 c5 3. d5 b5 4. cxb5 a6 5. bxa6 Bxa6 6. Nc3 g6 7. g3 d6 8. h4
Bg7 9. Nh3 Nbd7 10. Nf4 h5 11. Bh3 O-O 12. Qc2 Ne5 13. O-O Qb6 14. Rb1 Nfg4 15.
Kg2 c4 16. f3 Bc8 17. b4 Bf5 18. e4 Ne3+ 19. Bxe3 Bxh3+ 20. Kxh3 Qxe3 21. Rbe1
Qb6 22. b5 Ra3 23. Nfe2 Qa5 24. Rb1 Nd7 25. Rbc1 Nc5 26. Nb1 Rxa2 27. Qxc4 Ra4
28. Qc2 Qxb5 29. Nbc3 Qd7+ 30. Kg2 Ra3 31. Ra1 Rfa8 32. Ra2 Rxa2 33. Nxa2 Ra3
34. Nb4 Qa7 35. Rb1 Nd7 36. Rb3 Ra1 37. Rb1 Rxb1 38. Qxb1 Qb6 39. Qe1 Ne5 40.
Nf4 Nc4 41. Nbd3 Qb3 42. Qe2 Bd4 43. Nh3 Qb5 44. Kh2 Ne5 45. Nhf4 Qb1 46. Nf2
Qe1 47. Kg2 Qa1 48. N4h3 Qc3 49. Ng5 Nc4 50. Ngh3 Ne3+ 51. Kh2 Qc1 52. Nf4 Nc2
53. N4d3 Qb1 54. Qd1 Qb3 55. Ne1 Bxf2 56. Nxc2 Bc5 57. Qe2 Qb1 58. Ne1 Bd4 59.
Kg2 Ba7 60. f4 Qb6 61. Nf3 Qc5 62. Kh2 Bb6 63. Kg2 Ba7 64. Kh2 Bb6 1/2-1/2

[Event "Elit(Orgryte-Farsta)"]
[Site "?"]
[Date "2013.11.23"]
[Round "2"]
[White "Frisk Kockum, Anton"]
[Black "Nikcevic, Nebojsa"]
[Result "0-1"]
[WhiteElo "2410"]
[BlackElo "2499"]
[PlyCount "46"]

1. e4 c5 2. Nf3 Nc6 3. d4 cxd4 4. Nxd4 g6 5. Nc3 Bg7 6. Be3 Nf6 7. Bc4 O-O 8.
Bb3 a5 9. f3 d5 10. exd5 Nb4 11. Nde2 a4 12. Bxa4 Nfxd5 13. Bd2 Qb6 14. Bb3 Rd8
15. Qc1 Be6 16. Nxd5 Bxd5 17. Bxb4 Bxb3 18. cxb3 Qxb4+ 19. Kf2 Rd2 20. Rd1 Qh4+
21. Ke3 Bh6+ 22. f4 Bxf4+ 23. Kf3 Rxe2 0-1

[Event "Elit(Orgryte-Farsta)"]
[Site "?"]
[Date "2013.11.23"]
[Round "2"]
[White "Gajic, Mladen"]
[Black "Ernst, Thomas"]
[Result "1/2-1/2"]
[WhiteElo "2289"]
[BlackElo "2382"]
[PlyCount "47"]

1. e4 e6 2. d4 d5 3. Nc3 Bb4 4. e5 b6 5. Qg4 Bf8 6. Bg5 Ne7 7. f4 Qd7 8. Nf3
Nf5 9. Qh3 Ba6 10. Bd3 Bxd3 11. cxd3 c5 12. dxc5 Bxc5 13. g4 Ne3 14. Ke2 d4 15.
Ne4 Qb5 16. b3 Nc6 17. Nfd2 Nb4 18. Nc4 Nxc4 19. a4 Qc6 20. bxc4 Nc2 21. Ra2
Nb4 22. Raa1 Nc2 23. Ra2 Nb4 24. Raa1 1/2-1/2

[Event "Elit(Orgryte-Farsta)"]
[Site "?"]
[Date "2013.11.23"]
[Round "2"]
[White "Livner, Anders"]
[Black "Kumar, Rahul"]
[Result "1-0"]
[WhiteElo "2402"]
[BlackElo "2277"]
[PlyCount "105"]

1. d4 d6 2. Nf3 g6 3. c4 Bg7 4. Nc3 Nf6 5. g3 O-O 6. Bg2 c6 7. O-O Nbd7 8. e4
e5 9. h3 Re8 10. Re1 Qb6 11. d5 cxd5 12. cxd5 Nc5 13. Rb1 a5 14. Be3 Bd7 15.
Nd2 Qc7 16. Qe2 Rec8 17. Rec1 Qb8 18. Nb5 b6 19. Kh2 a4 20. b3 axb3 21. axb3
Ne8 22. Nc3 b5 23. b4 Na4 24. Nd1 Nc7 25. Nb3 Na6 26. Qe1 Bf6 27. Na5 Rxc1 28.
Rxc1 Qe8 29. Bf1 Bd8 30. Nc6 Nc7 31. Nc3 Bxc6 32. dxc6 Nxc3 33. Qxc3 Ra6 34.
Bg2 Qe6 35. h4 f5 36. exf5 gxf5 37. Ra1 Rxa1 38. Qxa1 d5 39. Qc1 Na6 40. Bd2
Qd6 41. Bf1 Nc7 42. Qc2 Qe6 43. Bh3 e4 44. Bf4 d4 45. Qc5 Nd5 46. c7 Bxc7 47.
Bxc7 e3 48. fxe3 dxe3 49. Bf4 Nxf4 50. gxf4 Qa2+ 51. Bg2 e2 52. Bd5+ Kg7 53.
Qe7+ 1-0

[Event "Elit(Orgryte-Farsta)"]
[Site "?"]
[Date "2013.11.23"]
[Round "2"]
[White "von Bahr, Oskar"]
[Black "Eksmyr, Johan"]
[Result "1-0"]
[WhiteElo "2356"]
[BlackElo "2210"]
[PlyCount "69"]

1. c4 Nf6 2. g3 g6 3. Bg2 d5 4. cxd5 Nxd5 5. Nc3 Nb6 6. d3 Bg7 7. Be3 c6 8. Qc1
h6 9. Nf3 Be6 10. O-O Qd7 11. Re1 Na6 12. Rb1 Nb4 13. a3 Na2 14. Qd2 Nxc3 15.
bxc3 Nd5 16. Bd4 O-O 17. Bxg7 Kxg7 18. c4 Nb6 19. c5 Nc8 20. Qb2+ f6 21. Qxb7
Nb6 22. Qxd7 Nxd7 23. Nd4 Ba2 24. Rb2 Bf7 25. Rc1 Rab8 26. Rxb8 Rxb8 27. Nxc6
Rc8 28. d4 Rc7 29. Nb4 e5 30. Na6 Rc8 31. Bb7 Rf8 32. d5 Nb8 33. Nxb8 Rxb8 34.
c6 Bxd5 35. c7 1-0

[Event "Elit(Orgryte-Farsta)"]
[Site "?"]
[Date "2013.11.23"]
[Round "2"]
[White "Arnelind, Mikael"]
[Black "Lundin, Jan"]
[Result "0-1"]
[WhiteElo "2201"]
[BlackElo "2341"]
[PlyCount "60"]

1. d4 d5 2. c4 e6 3. Nc3 c5 4. cxd5 exd5 5. Nf3 Nc6 6. g3 c4 7. Bg2 Bb4 8. O-O
Nge7 9. Bg5 f6 10. Bd2 Bg4 11. Nb5 a6 12. Bxb4 axb5 13. Bxe7 Qxe7 14. Qd2 O-O
15. Rfe1 Rfd8 16. Nh4 Be6 17. a3 Qd7 18. Rad1 Ra4 19. e4 b4 20. Qc2 b5 21. exd5
Bxd5 22. axb4 Nxb4 23. Bxd5+ Qxd5 24. Qf5 Ra7 25. Qg4 Nd3 26. Re2 g6 27. Nxg6
hxg6 28. Qxg6+ Rg7 29. Qxf6 Rf8 30. Qb6 Nf4 0-1

[Event "Elit(Rockaden,Sthlm-Burgsvik)"]
[Site "?"]
[Date "2013.11.23"]
[Round "2"]
[White "Andersson, Tommy"]
[Black "Barkhagen, Jonas"]
[Result "1/2-1/2"]
[WhiteElo "2419"]
[BlackElo "2490"]
[PlyCount "69"]

1. d4 Nf6 2. c4 e6 3. Nf3 b6 4. g3 Ba6 5. Qa4 Bb7 6. Bg2 c5 7. O-O cxd4 8. Nxd4
Bxg2 9. Kxg2 Bc5 10. Rd1 O-O 11. Nc3 Qc8 12. Bg5 Qb7+ 13. f3 Ng4 14. h3 h6 15.
Bc1 Nf6 16. Bf4 a6 17. e4 Nc6 18. Nxc6 dxc6 19. e5 Nh5 20. Bc1 f5 21. exf6 Nxf6
22. Qc2 Qf7 23. Ne4 Nxe4 24. Qxe4 e5 25. Qg4 h5 26. Qe4 Bd4 27. Be3 c5 28. Rac1
Bxb2 29. Rb1 Bd4 30. Rxb6 Qxc4 31. Bxd4 exd4 32. Rh6 Rfe8 33. Qh7+ Kf8 34. Qf5+
Kg8 35. Qh7+ 1/2-1/2

[Event "Elit(Rockaden,Sthlm-Burgsvik)"]
[Site "?"]
[Date "2013.11.23"]
[Round "2"]
[White "Nielsen, Peter Heine"]
[Black "Fries Nielsen, Niels J"]
[Result "1-0"]
[WhiteElo "2699"]
[BlackElo "2417"]
[PlyCount "77"]

1. d4 Nf6 2. c4 c5 3. Nf3 cxd4 4. Nxd4 g6 5. g3 Bg7 6. Bg2 O-O 7. Nc3 Qc7 8. b3
a6 9. O-O d6 10. Bb2 Nc6 11. Rc1 Nxd4 12. Qxd4 Nh5 13. Qe3 Be6 14. Rfd1 Rab8
15. Bd5 Bf5 16. Bf3 Nf6 17. Nd5 Nxd5 18. cxd5 Qd8 19. Bxg7 Kxg7 20. Rc4 Rc8 21.
Rh4 h5 22. Bxh5 Rh8 23. Bg4 Bxg4 24. Rxg4 Qd7 25. Rdd4 Rh5 26. Rh4 Rch8 27. Qc3
Rxh4 28. Rxh4+ f6 29. Rxh8 Kxh8 30. h4 Kg7 31. Qe3 Kf7 32. Qe4 Qc7 33. Kg2 b5
34. g4 Qc1 35. e3 Qd1 36. h5 gxh5 37. Qh7+ Ke8 38. Qg6+ Kd8 39. gxh5 1-0

[Event "Elit(Rockaden,Sthlm-Burgsvik)"]
[Site "?"]
[Date "2013.11.23"]
[Round "2"]
[White "Fries Nielsen, Jens Ove"]
[Black "Hermansson, Emil"]
[Result "1-0"]
[WhiteElo "2455"]
[BlackElo "2472"]
[PlyCount "57"]

1. d4 Nf6 2. Nc3 d5 3. Bf4 e6 4. Nb5 Na6 5. e3 c6 6. Nc3 Qa5 7. a3 c5 8. Bb5+
Bd7 9. Bxd7+ Nxd7 10. Nf3 Be7 11. O-O Nf6 12. Ne5 O-O 13. g4 Rad8 14. g5 Nd7
15. Qg4 cxd4 16. exd4 Nab8 17. Rad1 Nxe5 18. dxe5 Qb6 19. Rd3 Qxb2 20. Qe2 d4
21. Ne4 Rc8 22. Rc1 Bxa3 23. Rh3 Nd7 24. Qd3 Qxc1+ 25. Bxc1 Bxc1 26. Rxh7 Nxe5
27. Qh3 f5 28. Rh8+ Kf7 29. Nd6+ 1-0

[Event "Elit(Rockaden,Sthlm-Burgsvik)"]
[Site "?"]
[Date "2013.11.23"]
[Round "2"]
[White "Krupenski, Juri"]
[Black "Hedman, Erik"]
[Result "1-0"]
[WhiteElo "2328"]
[BlackElo "2444"]
[PlyCount "83"]

1. d4 Nf6 2. c4 c5 3. d5 e6 4. Nc3 exd5 5. cxd5 d6 6. Nf3 g6 7. Bf4 Bg7 8. e4
O-O 9. Be2 Bg4 10. O-O a6 11. a4 Re8 12. Nd2 Bxe2 13. Qxe2 Nh5 14. Be3 Nd7 15.
g4 Nhf6 16. f3 Rf8 17. Kh1 Ne8 18. g5 Rb8 19. Nc4 Ne5 20. Nxe5 Bxe5 21. f4 Bxc3
22. bxc3 f5 23. exf5 Rxf5 24. Bd2 Ng7 25. c4 Qd7 26. Qd3 Rbf8 27. Rab1 Nh5 28.
Qe4 Re8 29. Rxb7 Rxe4 30. Rxd7 Rxc4 31. Rxd6 Rd4 32. Be3 Rdxd5 33. Rxa6 Rd3 34.
Re1 Nxf4 35. Ra8+ Kf7 36. Ra7+ Kg8 37. Bxc5 Rd8 38. Bb6 Rc8 39. Bd4 Rxg5 40.
Rg7+ Kf8 41. Rxh7 Rc4 42. Rd7 1-0

[Event "Elit(Rockaden,Sthlm-Burgsvik)"]
[Site "?"]
[Date "2013.11.23"]
[Round "2"]
[White "Bator, Robert"]
[Black "Andersson, Bjorn"]
[Result "1-0"]
[WhiteElo "2457"]
[BlackElo "2304"]
[PlyCount "65"]

1. d4 c5 2. d5 Nf6 3. g3 d6 4. Bg2 g6 5. c4 Bg7 6. Nc3 Na6 7. Nf3 Nc7 8. O-O
Bd7 9. e4 O-O 10. a4 Bg4 11. h3 Bxf3 12. Bxf3 Na6 13. Bf4 Nd7 14. Be2 Nb4 15.
Qd2 Re8 16. g4 a6 17. Bg3 Bd4 18. Kg2 e6 19. Bxd6 e5 20. f4 f6 21. a5 b6 22. g5
fxg5 23. fxg5 bxa5 24. Na4 Nb6 25. Nxb6 Qxb6 26. Rf6 Rad8 27. Be7 Qc7 28. Bxd8
Qxd8 29. Raf1 Qd7 30. Bg4 Qe7 31. Be6+ Kh8 32. Qe2 h5 33. Rxg6 1-0

[Event "Elit(Rockaden,Sthlm-Burgsvik)"]
[Site "?"]
[Date "2013.11.23"]
[Round "2"]
[White "Akerman, Axel"]
[Black "Engqvist, Thomas"]
[Result "0-1"]
[WhiteElo "2150"]
[BlackElo "2424"]
[PlyCount "46"]

1. e4 c6 2. d4 d5 3. e5 c5 4. dxc5 Nc6 5. Nf3 Bg4 6. Bb5 e6 7. Be3 Qa5+ 8. Nc3
a6 9. Bxc6+ bxc6 10. a3 Bxf3 11. gxf3 Ne7 12. b4 Qc7 13. f4 g5 14. Qh5 Nf5 15.
Rd1 Bh6 16. Ne2 gxf4 17. Bd4 Bg7 18. O-O Bxe5 19. Rfe1 O-O-O 20. Bxe5 Qxe5 21.
Qxf7 Rhg8+ 22. Kf1 Rg7 23. Qh5 Ne3+ 0-1

[Event "Elit(Rockaden,Sthlm-Burgsvik)"]
[Site "?"]
[Date "2013.11.23"]
[Round "2"]
[White "Kenneskog, Theodor"]
[Black "Tuvesson, Mats"]
[Result "0-1"]
[WhiteElo "2355"]
[BlackElo "2177"]
[PlyCount "76"]

1. d4 Nf6 2. c4 c5 3. d5 b5 4. cxb5 a6 5. f3 g6 6. e4 d6 7. Na3 Bg7 8. Ne2 axb5
9. Nxb5 O-O 10. Nec3 Ba6 11. a4 Nbd7 12. Ra3 Ne8 13. Be2 Nc7 14. O-O Nxb5 15.
axb5 Bb7 16. Rxa8 Qxa8 17. Bg5 Bd4+ 18. Kh1 f6 19. Bh6 Re8 20. f4 Bc8 21. Bg4
Nb6 22. Bxc8 Qxc8 23. f5 Nd7 24. Rf3 Ne5 25. Rh3 Nf7 26. Bf4 Kg7 27. Rg3 g5 28.
Be3 Be5 29. Rf3 Qb7 30. h4 h6 31. Rh3 Bxc3 32. bxc3 Qxb5 33. Qh5 Rg8 34. e5
Qb1+ 35. Kh2 Qxf5 36. exf6+ exf6 37. c4 Re8 38. Rf3 Qg6 0-1

[Event "Elit(Farsta-LASK)"]
[Site "?"]
[Date "2013.11.24"]
[Round "3"]
[White "Smith, Axel"]
[Black "Sammalvuo, Tapani"]
[Result "1/2-1/2"]
[WhiteElo "2501"]
[BlackElo "2534"]
[PlyCount "53"]
[SourceDate "2013.12.03"]

1. Nf3 Nf6 2. c4 e6 3. g3 d5 4. Bg2 Be7 5. O-O O-O 6. b3 c5 7. Bb2 Nc6 8. e3 d4
9. exd4 cxd4 10. Re1 Ne8 11. Ne5 Nxe5 12. Rxe5 f6 13. Re1 e5 14. Ba3 Nc7 15.
Bxe7 Qxe7 16. d3 Ne6 17. Nd2 a5 18. Rb1 Ra6 19. Qe2 Kh8 20. Rec1 b6 21. Bd5 Nc5
22. Re1 Bf5 23. Ne4 Ne6 24. Nd2 Nc5 25. Ne4 Ne6 26. Nd2 Nc5 27. Ne4 1/2-1/2

[Event "Elit(Farsta-LASK)"]
[Site "?"]
[Date "2013.11.24"]
[Round "3"]
[White "Nikcevic, Nebojsa"]
[Black "Hillarp Persson, Tiger"]
[Result "0-1"]
[WhiteElo "2499"]
[BlackElo "2624"]
[PlyCount "76"]

1. d4 g6 2. c4 Bg7 3. e4 d6 4. Nc3 e5 5. d5 a5 6. h4 Nf6 7. Be2 Na6 8. h5 Nc5
9. Qc2 c6 10. Bg5 h6 11. Be3 cxd5 12. cxd5 Nxh5 13. Bxh5 gxh5 14. Rxh5 Qb6 15.
Rb1 Bg4 16. Rh4 h5 17. Nge2 Bf6 18. Rh1 Rc8 19. Qd2 Qa6 20. Rd1 b5 21. f3 Bd7
22. b3 b4 23. Nb1 Bb5 24. Nc1 Bd8 25. Kf2 h4 26. a3 bxa3 27. Nxa3 Rg8 28. Rhg1
Bd7 29. Qe2 Qxe2+ 30. Kxe2 f5 31. Nc4 Rg6 32. Bxc5 Rxc5 33. Nd3 Rb5 34. Rb1
fxe4 35. fxe4 Ke7 36. Nf2 Rg3 37. Nd3 Rb8 38. Ne3 Bb6 0-1

[Event "Elit(Farsta-LASK)"]
[Site "?"]
[Date "2013.11.24"]
[Round "3"]
[White "Semcesen, Daniel"]
[Black "von Bahr, Oskar"]
[Result "1-0"]
[WhiteElo "2547"]
[BlackElo "2356"]
[PlyCount "125"]

1. c4 e5 2. Nc3 Nf6 3. Nf3 Nc6 4. e3 Bb4 5. Qc2 Bxc3 6. Qxc3 Qe7 7. a3 d5 8.
cxd5 Nxd5 9. Qb3 Nb6 10. d3 O-O 11. Be2 Bf5 12. O-O Rad8 13. Nd2 Rd6 14. Re1
Qh4 15. Nf3 Qe7 16. Bd2 Rfd8 17. e4 Be6 18. Qc3 Bg4 19. Qc5 Bxf3 20. Bxf3 Rxd3
21. Qxe7 Nxe7 22. Bc3 Nc6 23. Be2 R3d6 24. Bd1 Nd4 25. a4 c5 26. g3 Nd7 27. Kg2
Nb8 28. b4 c4 29. b5 a6 30. Rb1 axb5 31. axb5 Nd7 32. Bb4 Rg6 33. Rc1 Nb6 34.
Bh5 Rh6 35. Be2 Nxb5 36. Ba5 Nd4 37. Bxc4 Ra8 38. Bxb6 Rxb6 39. Bd5 Nc6 40. Rc5
Kf8 41. Bxc6 bxc6 42. Rxe5 Rb5 43. Rxb5 cxb5 44. Rb1 Ra5 45. Kf3 Ke7 46. Kf4
Kd6 47. h4 Kc5 48. Rc1+ Kb6 49. Ke5 Ra2 50. f3 Ra3 51. Rf1 Kc5 52. Rc1+ Kb4 53.
f4 Rxg3 54. Rc7 f6+ 55. Kf5 Ka3 56. Ra7+ Kb3 57. e5 fxe5 58. fxe5 b4 59. e6 Kc2
60. Rc7+ Kb2 61. Rc4 Rf3+ 62. Rf4 Ra3 63. e7 1-0

[Event "Elit(Farsta-LASK)"]
[Site "?"]
[Date "2013.11.24"]
[Round "3"]
[White "Ernst, Thomas"]
[Black "Lund, Silas"]
[Result "1/2-1/2"]
[WhiteElo "2382"]
[BlackElo "2485"]
[PlyCount "80"]

1. e4 e6 2. d4 d5 3. Nc3 Nf6 4. e5 Nfd7 5. Nce2 c5 6. c3 Nc6 7. f4 f6 8. Nf3
Be7 9. h4 O-O 10. h5 cxd4 11. cxd4 fxe5 12. fxe5 Rxf3 13. gxf3 Bh4+ 14. Kd2 Bf2
15. Kc2 Qb6 16. Kb1 Nxd4 17. Nxd4 Qxd4 18. Qxd4 Bxd4 19. f4 Nc5 20. Bh3 Bd7 21.
Rd1 Bf2 22. a4 d4 23. Ra3 Kf7 24. Rf3 Ne4 25. Rxf2 Nxf2 26. Rxd4 Bc6 27. Bf1
Rc8 28. Be3 Ng4 29. Bg1 Nh6 30. Bd3 Nf5 31. Bxf5 exf5 32. Ka2 Rc7 33. Ka3 a6
34. Rd6 Re7 35. h6 Re6 36. Rxe6 Kxe6 37. hxg7 Kf7 38. a5 Kxg7 39. Kb4 Kf7 40.
Kc5 Ke6 1/2-1/2

[Event "Elit(Farsta-LASK)"]
[Site "?"]
[Date "2013.11.24"]
[Round "3"]
[White "Nilsson, Sebastian"]
[Black "Livner, Anders"]
[Result "1/2-1/2"]
[WhiteElo "2382"]
[BlackElo "2402"]
[PlyCount "40"]

1. e4 c6 2. d4 d5 3. Nc3 dxe4 4. Nxe4 Bf5 5. Ng3 Bg6 6. h4 h6 7. Nf3 Nd7 8. h5
Bh7 9. Bd3 Bxd3 10. Qxd3 e6 11. Bd2 Ngf6 12. O-O-O Bd6 13. Ne4 Nxe4 14. Qxe4
Qe7 15. Ne5 Nxe5 16. dxe5 Bc5 17. Be3 O-O 18. f4 Rfd8 19. g3 Rd5 20. c4 Rdd8
1/2-1/2

[Event "Elit(Farsta-LASK)"]
[Site "?"]
[Date "2013.11.24"]
[Round "3"]
[White "Lundin, Jan"]
[Black "Olsson, Linus"]
[Result "1/2-1/2"]
[WhiteElo "2341"]
[BlackElo "2338"]
[PlyCount "61"]

1. Nf3 c5 2. c4 b6 3. g3 Bb7 4. Bg2 e6 5. O-O Nf6 6. Nc3 Be7 7. Re1 a6 8. e4 d6
9. d4 cxd4 10. Nxd4 Qc7 11. Be3 Nbd7 12. Rc1 O-O 13. f4 Rfe8 14. Bf3 Rac8 15.
b3 Qb8 16. Bf2 Nf8 17. Qd3 N6d7 18. Red1 Bd8 19. Qf1 Bc7 20. Qg2 Qa8 21. Rd3
Nc5 22. Re3 Ng6 23. Nde2 Bb8 24. Rd1 Nf8 25. Nd4 Ncd7 26. Red3 Nc5 27. Re3 Ncd7
28. Nde2 Nc5 29. Rd2 Ncd7 30. Red3 Nc5 31. Re3 1/2-1/2

[Event "Elit(Farsta-LASK)"]
[Site "?"]
[Date "2013.11.24"]
[Round "3"]
[White "Lin, Michael"]
[Black "Ong, Kezli"]
[Result "1-0"]
[WhiteElo "2050"]
[BlackElo "2304"]
[PlyCount "113"]

1. e4 e5 2. Nf3 Nc6 3. Bb5 a6 4. Ba4 Nf6 5. O-O Be7 6. Re1 b5 7. Bb3 O-O 8. h3
Bb7 9. d3 d6 10. a3 h6 11. Nbd2 Re8 12. Nf1 Bf8 13. Ng3 d5 14. exd5 Nxd5 15.
Bd2 Nf4 16. Ne2 Ng6 17. Ng3 Qd7 18. Ne4 Nf4 19. Be3 Rad8 20. Kh2 Qf5 21. Nh4
Qc8 22. Qf3 Nd4 23. Bxd4 Rxd4 24. Qg3 Bxe4 25. dxe4 Qd7 26. Nf5 Rd6 27. Nxd6
Bxd6 28. Rad1 Qe7 29. Rd2 g6 30. c4 b4 31. Red1 bxa3 32. c5 Bxc5 33. Rd7 Qf6
34. Rxf7 Qxf7 35. Bxf7+ Kxf7 36. Rd7+ Re7 37. Rxe7+ Bxe7 38. bxa3 Ne6 39. Qd3
Nc5 40. Qc4+ Kf6 41. a4 Bd6 42. a5 h5 43. h4 g5 44. hxg5+ Kxg5 45. g3 h4 46.
Qg8+ Kf6 47. Qh8+ Kg6 48. Qxh4 Nb7 49. Qg4+ Kf6 50. Qf5+ Ke7 51. f4 Nxa5 52.
fxe5 Bb4 53. Qf6+ Kd7 54. e6+ Kc6 55. e7+ Kd7 56. Qf7 Bxe7 57. Qd5+ 1-0

[Event "Elit(Burgsvik-Eksjo)"]
[Site "?"]
[Date "2013.11.24"]
[Round "3"]
[White "Rasmussen, Allan Stig"]
[Black "Fries Nielsen, Niels J"]
[Result "1-0"]
[WhiteElo "2570"]
[BlackElo "2417"]
[PlyCount "115"]

1. e4 d6 2. d4 Nf6 3. Nc3 a6 4. a4 Nbd7 5. g4 h6 6. h3 e5 7. Nge2 c6 8. Bg2 Rb8
9. a5 Be7 10. Be3 O-O 11. Ng3 d5 12. exd5 exd4 13. Bxd4 Nxd5 14. Nxd5 cxd5 15.
O-O Bf6 16. Bxd5 Bxd4 17. Qxd4 Nf6 18. Rfd1 Nxd5 19. Qxd5 Qxd5 20. Rxd5 Be6 21.
Rd6 Rfd8 22. Rxd8+ Rxd8 23. Rc1 g6 24. Nf1 f5 25. f3 Rd4 26. b3 Kf7 27. Kf2 Kf6
28. Ke3 Rd8 29. gxf5 Bxf5 30. h4 Re8+ 31. Kf2 Rd8 32. Ke3 Re8+ 33. Kf2 Rd8 34.
Kg3 Rd4 35. Ne3 Rd2 36. b4 Re2 37. Nxf5 Kxf5 38. c3 Re3 39. Rd1 Rxc3 40. Rd7 b6
41. axb6 Rc6 42. Rb7 Kf6 43. Rb8 Kg7 44. f4 h5 45. Kf3 Re6 46. Rb7+ Kg8 47. f5
gxf5 48. Kf4 Re4+ 49. Kxf5 Rxb4 50. Ke5 a5 51. Kd5 a4 52. Kc5 Rb1 53. Ra7 Rc1+
54. Kd6 Rd1+ 55. Ke6 Re1+ 56. Kf6 Rf1+ 57. Kg6 Ra1 58. Ra8# 1-0

[Event "Elit(Burgsvik-Eksjo)"]
[Site "?"]
[Date "2013.11.24"]
[Round "3"]
[White "Krupenski, Juri"]
[Black "Carlsson, Pontus"]
[Result "1/2-1/2"]
[WhiteElo "2328"]
[BlackElo "2593"]
[PlyCount "60"]

1. d4 e6 2. c4 Nf6 3. Nf3 c5 4. d5 exd5 5. cxd5 d6 6. Nc3 g6 7. Bf4 Bg7 8. e4
O-O 9. Be2 b5 10. Bxb5 Nxe4 11. Nxe4 Qa5+ 12. Nc3 Bxc3+ 13. bxc3 Qxb5 14. Nd2
Re8+ 15. Be3 Qd3 16. c4 Na6 17. Qb3 Bf5 18. Qxd3 Bxd3 19. a3 Nb8 20. Rc1 Nd7
21. Rc3 Ne5 22. Kd1 Bf5 23. h3 h5 24. f3 Nd3 25. Ke2 Nf4+ 26. Kf2 Nd3+ 27. Ke2
Nf4+ 28. Kf2 Nd3+ 29. Ke2 Nf4+ 30. Kf2 Nd3+ 1/2-1/2

[Event "Elit(Burgsvik-Eksjo)"]
[Site "?"]
[Date "2013.11.24"]
[Round "3"]
[White "Gdanski, Jacek"]
[Black "Fries Nielsen, Jens Ove"]
[Result "1/2-1/2"]
[WhiteElo "2571"]
[BlackElo "2455"]
[PlyCount "24"]

1. Nf3 e6 2. g3 g6 3. Bg2 Bg7 4. O-O Ne7 5. d4 d6 6. c4 Nd7 7. Nc3 a6 8. Qc2
Rb8 9. Rd1 O-O 10. Bf4 h6 11. h4 b5 12. b3 Bb7 1/2-1/2

[Event "Elit(Burgsvik-Eksjo)"]
[Site "?"]
[Date "2013.11.24"]
[Round "3"]
[White "Andersson, Tommy"]
[Black "Bejtovic, Jasmin"]
[Result "0-1"]
[WhiteElo "2419"]
[BlackElo "2441"]
[PlyCount "140"]

1. d4 Nf6 2. c4 g6 3. f3 Bg7 4. e4 d6 5. Nc3 O-O 6. Be3 a6 7. Qd2 Nbd7 8. Nh3
c5 9. Nf2 cxd4 10. Bxd4 b6 11. Be2 Bb7 12. O-O Rc8 13. Rac1 e6 14. Rfd1 Re8 15.
Bf1 Qc7 16. Be3 Bf8 17. Bg5 Qb8 18. Qf4 Be7 19. Qh4 Rc5 20. f4 h6 21. Qxh6 Rxg5
22. Qxg5 Nxe4 23. Qg4 Nxf2 24. Kxf2 Nf6 25. Qg3 d5 26. Bd3 Nh5 27. Qg4 Bc5+ 28.
Kf1 Nxf4 29. cxd5 exd5 30. Ne2 Nxe2 31. Bxe2 Qxh2 32. Rxc5 bxc5 33. Bf3 a5 34.
Kf2 Qh6 35. Rd3 Qc1 36. Rd1 Qe3+ 37. Kg3 d4 38. Qf4 Bxf3 39. gxf3 Qxf4+ 40.
Kxf4 Re2 41. Rc1 Rxb2 42. Rxc5 Rxa2 43. Rd5 Ra4 44. Ke5 Kg7 45. f4 d3 46. f5
f6+ 47. Kd6 gxf5 48. Rxd3 Re4 49. Kd5 Kg6 50. Rg3+ Rg4 51. Rf3 Kg5 52. Rf1 a4
53. Ra1 Re4 54. Rg1+ Kf4 55. Rf1+ Ke3 56. Ra1 Kd3 57. Kc5 f4 58. Ra3+ Kc2 59.
Rf3 f5 60. Rh3 Kb2 61. Rh2+ Kb3 62. Rh3+ Re3 63. Rh8 a3 64. Rb8+ Kc2 65. Ra8
Kb2 66. Kc4 f3 67. Ra5 a2 68. Rb5+ Kc1 69. Ra5 f2 70. Rxa2 f1=Q+ 0-1

[Event "Elit(Burgsvik-Eksjo)"]
[Site "?"]
[Date "2013.11.24"]
[Round "3"]
[White "Vernersson, Per"]
[Black "Linusson, Pelle"]
[Result "1/2-1/2"]
[WhiteElo "2406"]
[BlackElo "2198"]
[PlyCount "81"]

1. Nf3 g6 2. d4 Nf6 3. g3 d5 4. Bg2 Bg7 5. O-O O-O 6. Ne5 c6 7. c4 Ne4 8. cxd5
cxd5 9. Nc3 Nxc3 10. bxc3 Nc6 11. Nxc6 bxc6 12. Bf4 Qa5 13. Qd2 Bf5 14. h3 h5
15. Kh2 Rfe8 16. Bf3 e5 17. dxe5 Bxe5 18. Bxe5 Rxe5 19. Qd4 Rae8 20. e3 Be4 21.
Be2 Qc7 22. h4 c5 23. Qd2 c4 24. Qd4 Rb8 25. Rad1 Rb2 26. Rd2 Rxd2 27. Qxd2 Qa5
28. Rd1 Rf5 29. Kg1 Qa6 30. Rf1 Qf6 31. Qd4 Qxd4 32. exd4 Bf3 33. Re1 Bxe2 34.
Rxe2 Rf3 35. Re5 Rxc3 36. Rxd5 Rc1+ 37. Kg2 Rd1 38. Ra5 c3 39. Rc5 Rxd4 40.
Rxc3 Ra4 41. a3 1/2-1/2

[Event "Elit(Burgsvik-Eksjo)"]
[Site "?"]
[Date "2013.11.24"]
[Round "3"]
[White "Akerman, Axel"]
[Black "de Verdier, Michael"]
[Result "0-1"]
[WhiteElo "2150"]
[BlackElo "2424"]
[PlyCount "172"]

1. Nc3 e6 2. d4 d5 3. Bf4 Nf6 4. Qd2 Bb4 5. f3 c5 6. e3 Nh5 7. Bb5+ Nc6 8. Nge2
Nxf4 9. Nxf4 O-O 10. Bxc6 bxc6 11. Nd3 cxd4 12. Nxb4 dxc3 13. Qxc3 Qb6 14. Kf2
c5 15. Nd3 c4 16. Nf4 Rb8 17. Rab1 Bd7 18. h4 Rfe8 19. Rhd1 Rbd8 20. Ne2 e5 21.
g4 d4 22. exd4 e4 23. Qxc4 Qf6 24. f4 Qxh4+ 25. Ke3 Qxg4 26. b4 Be6 27. Qb5 Rc8
28. Re1 Bxa2 29. Rb2 Bc4 30. Qg5 Qf3+ 31. Kd2 h6 32. Qg1 Bxe2 33. Rxe2 Qc3+ 34.
Kc1 e3 35. Qd1 Re4 36. d5 Rcc4 37. Ra2 Rxb4 38. Qd3 Qc5 39. d6 Rbd4 40. Qa3 Qd5
41. Rxe3 Rd1+ 42. Kb2 Qd4+ 43. Rc3 Ree1 44. Qc5 Qxc5 45. Rxc5 Rxd6 46. Rxa7 Rf6
47. f5 Rf1 48. Raa5 h5 49. c4 h4 50. Rc8+ Kh7 51. Raa8 R6xf5 52. Rh8+ Kg6 53.
Rxh4 Kg5 54. Rd4 R5f4 55. Rd5+ f5 56. c5 Rc4 57. Rg8 g6 58. Rc8 Kg4 59. Rcd8 g5
60. Kb3 Rfc1 61. Rc8 Rf4 62. Kb2 Rff1 63. Kb3 Rf2 64. Kb4 Rb2+ 65. Ka3 Rf2 66.
Kb3 Kh4 67. Rh8+ Kg3 68. Rh5 Kg4 69. Rh8 Kg3 70. Rh5 Kg4 71. Rh8 Kf4 72. Rd4+
Ke5 73. Rc4 Rxc4 74. Kxc4 Rc2+ 75. Kb5 g4 76. Rg8 Kd5 77. Rd8+ Ke4 78. Rg8 Kf3
79. c6 g3 80. Kb6 g2 81. c7 Kf2 82. Rg5 g1=Q 83. Rxf5+ Ke1+ 84. Kb7 Qg2+ 85.
Kb8 Qg3 86. Rf7 Qb3+ 0-1